EU competition law’s fair trial revolution much ado about nothing? /

Elmentve itt :
Bibliográfiai részletek
Szerző: Nagy Csongor István
Dokumentumtípus: Cikk
Megjelent: 2016
Sorozat:ECLR: EUROPEAN COMPETITION LAW REVIEW 37 No. 6
Tárgyszavak:
mtmt:3105444
Online Access:http://publicatio.bibl.u-szeged.hu/28869
LEADER 00676nab a2200193 i 4500
001 publ28869
005 20231122171453.0
008 231122s2016 hu o 0|| Angol d
022 |a 0144-3054 
024 7 |a 3105444  |2 mtmt 
040 |a SZTE Publicatio Repozitórium  |b hun 
041 |a Angol 
100 1 |a Nagy Csongor István 
245 1 0 |a EU competition law’s fair trial revolution  |h [elektronikus dokumentum] :  |b much ado about nothing? /  |c  Nagy Csongor István 
260 |c 2016 
300 |a 232-238 
490 0 |a ECLR: EUROPEAN COMPETITION LAW REVIEW  |v 37 No. 6 
650 4 |a Jogtudomány 
856 4 0 |u http://publicatio.bibl.u-szeged.hu/28869/1/SSRN-id2972021.pdf  |z Dokumentum-elérés